Monster-Themed Marvel Characters by Picture - Statistics

General Stats
  • This quiz has been taken 28 times
  • The average score is 9 of 16
Answer Stats
Picture Answer % Correct
Hulk
100%
Abomination
85%
Blade
81%
Morbius the Living Vampire
81%
Man-Thing
78%
Werewolf by Night
78%
Groot
74%
Marvel Zombies
59%
Gorilla-Man
48%
Dracula
44%
Elsa Bloodstone
37%
N'Kantu the Living Mummy
37%
Rintrah
33%
Man-Wolf
22%
Deacon Frost
7%
Vampire by Night
7%
No matching quizzes found
Score Distribution
Percent of People with Each Score
Percentile by Number Answered
Your Score History
You have not taken this quiz